Ιδεολογική συγκρότηση και εκπαιδευτική οργάνωση των ελληνοβλάχων στο βαλκανικό χώρο (1850-1913) : η εθνική και κοινωνική διάσταση
Αποθηκεύτηκε σε:
| Κύριος συγγραφέας: | |
|---|---|
| Μορφή: | Βιβλίο |
| Γλώσσα: | Greek |
| Δημοσίευση: |
Θεσσαλονίκη :
Αφοι Κυριακίδη,
1994
|
| Θέματα: | |
| Ετικέτες: |
Προσθήκη ετικέτας
Δεν υπάρχουν, Καταχωρήστε ετικέτα πρώτοι!
|
MARC
| LEADER | 00000cam a2200000 i 4500 | ||
|---|---|---|---|
| 001 | 1/99406 | ||
| 008 | 950330s1994 gre d | ||
| 020 | |a 960-343-250-4 | ||
| 035 | |l 10011290 | ||
| 040 | |a GR-MY-UA |b gre |e aacr | ||
| 041 | 0 | |a gre | |
| 082 | 0 | |a 306.08989 | |
| 100 | 1 | |a Κολτσίδας, Αντώνης Μιχ., |d 1947- | |
| 245 | 1 | 0 | |a Ιδεολογική συγκρότηση και εκπαιδευτική οργάνωση των ελληνοβλάχων στο βαλκανικό χώρο (1850-1913) : |b η εθνική και κοινωνική διάσταση / |c Αντώνης Μιχ. Κολτσίδας |
| 260 | |a Θεσσαλονίκη : |b Αφοι Κυριακίδη, |c 1994 | ||
| 300 | |a 622 σ. | ||
| 500 | |a Με παράρτημα εικόνων, διαγράμματα, χάρτες, φωτογραφίες, έγγραφα, έντυπα | ||
| 650 | 0 | 0 | |a Aromanians |x History |y 19th century. |
| 650 | 0 | 0 | |a Aromanians |x History |y 20th century. |
| 852 | |a INST |b LESVOS |e 19950330 |h 306.08989 ΚΟΛ |p 005100001985 |q 005100001985 |t BK |y 0 | ||
| 909 | |a Λ |b 036991 | ||
| 970 | |z 1999/07/21 |a ΚΑΜΑΤΣΟΥ |b ΔΕΣΠΟΙΝΑ | ||